000 01251nam a2200313Ia 4500
001 806
005 20260220013710.0
008 121119s2001 ck gr 000 f spa
020 _a950490551X
020 _a9789504905516
040 _aCO-BoRNBP
_bspa
_erda
_cCO-BoRNBP
041 1 _aspa
084 _aN CHR1
100 1 _aChristie, Agatha,
_d1891-1976
_945716
245 1 0 _aCinco cerditos
_cAgatha Christie ; traducción, Guillermo López Hipkiss
250 _aSegunda edición
264 1 _aBogotá
_bPlaneta
_c2001
300 _a214 páginas
_c20 cm.
336 _atexto
_btxt
_2rdacontent
337 _asin mediación
_bn
_2rdamedia
338 _avolumen
_bnc
_2rdacarrier
520 3 _aTome un muerto seductor, añadir a su esposa celosa acusado de su asesinato, echar en una devota hija que quiere limpiar el nombre de su madre, y se obtiene uno de los mayores desafíos de la carrera Hercule Poirot. Amyas Crale pasión por la pintura y las mujeres lo hizo famoso. Su muerte le hizo famoso.
650 1 4 _2LEMB
_aNovela inglesa
650 1 4 _2LEMB
_aLiteratura inglesa
650 1 4 _2LEMB
_aAsesinato
_vNovela
_964689
650 1 4 _2LEMB
_aPolicía
_vNovela
_965141
700 1 _aLópez Hipkiss, Guillermo
_etraductor
_969087
942 _2loc
_cBKLIT
999 _c806
_d806